Statistics for Dené–Caucasian languages

Click here to take the quiz!

General Stats

  • This quiz has been taken 11 times
  • The average score is 9 of 40

Answer Stats

Countries No. of Speakers Answer % Correct
China960,000,000Mandarin
89%
China60,000,000Cantonese
89%
Spain, France1,185,500Basque
89%
Myanmar43,000,000Burmese
78%
China30,000,000Hakka
56%
China80,000,000Wu
44%
China38,000,000Xiang
33%
China1,200,000Tibetian
33%
China, Taiwan70,000,000Min
33%
Russia1,400,000Chechen
33%
Bhutan640,000Dzonghka
22%
China22,000,000Gan
22%
India, Myanmar690,000Mizo
22%
Russia500,000Ingush
22%
India261,000Mongsen Ao
11%
Mynamar940,000Jingpo
11%
Russia655,000Lezgian
11%
Myanmar440,000Tavoyan
11%
Russia, Syria, Turkey590,000Adyghe
11%
Russia590,000Dargwa
11%
Nepal360,000Gurung
11%
India, Pakistan, China290,000Balti
11%
Myanmar270,000Thadou
11%
Nepal, Bhutan380,000Limbu
11%
Myanmar200,000Red Karen
11%
Nepal, India1,300,000Newari
11%
China1,400,000Khams
11%
India1,500,000Kokborok
11%
Georgia, Russia, Turkey1,600,000Kabardian
11%
Myanmar1,800,000Pa'o Karen
11%
China2,000,000Pinghua
11%
China2,000,000Nuosu
11%
Myanmar, India2,000,000Arakanese
11%
Myanmar4,000,000S'gaw
11%
China4,600,000Huizhou
11%
China63,050,000Jin
11%
India1,250,000Meitei
0%
India1,300,000Bodo
0%
China1,800,000Amdo
0%
Nepal, India, Bhutan1,350,000Tamang
0%

Score Distribution

Percentile by Number Answered

Percent of People with Each Score

Your Score History

You have not taken this quiz